000 00228nam a2200097Ia 4500
008 220805s9999 xx 000 0 und d
041 _aeng
082 _a155.4
245 _aChild Development XII
650 _aChild Pshchology
_987204
999 _c47896
_d47896